Statystyki dla Polskie Miasta nad Łyną

Kliknij tutaj aby rozwiązać quiz!

Ogólne statystyki

  • Ten quiz został rozwiązany 27 razy
  • Średni wynik to 4 z 5

Statystyki odpowiedzi

Liczba LudnościMiasto% Poprawnych
171 853Olsztyn
96%
23 810Bartoszyce
84%
15 877Lidzbark Warmiński
68%
10 239Dobre Miasto
64%
1 970Sępopol
64%

Rozkład punktacji

Percentyl według liczby udzielonych odpowiedzi

Procent ludzi z każdym wynikiem

Twoja historia wyników

Nie rozwiązałeś tego quizu